[Event "Gipuzkoako-ch U16"]
[Site "Errenteria"]
[Date "2007.11.18"]
[Round "5.9"]
[White "Aramendia Zabaleta, Guillermo"]
[Black "O'Reilly, Ander"]
[Result "1-0"]
[WhiteElo "1588"]
[BlackElo "1386"]
[PlyCount "43"]
[EventDate "2007.10.21"]
[EventType "swiss"]
[EventRounds "6"]
[EventCountry "ESP"]
[SourceTitle "EXT 2024"]
[Source "ChessBase"]
[SourceDate "2023.10.10"]
[SourceVersion "1"]
[SourceVersionDate "2023.10.10"]
[SourceQuality "1"]

1. e4 e5 2. Nf3 Nc6 3. Bb5 Nge7 4. Nc3 Nd4 5. Nxd4 exd4 6. Nd5 Nxd5 7. exd5 Qe7+ 8. Qe2 Qxe2+ 9. Bxe2 b6 10. c3 c5 11. dxc6 dxc6 12. cxd4 Bd6 13. Bf3 0-0 14. d3 Re8+ 15. Be3 Bf4 16. Bxc6 Bxe3 17. Bxe8 Ba6 18. Bxf7+ Kxf7 19. fxe3 Bxd3 20. Kd2 Be4 21. Rhf1+ Kg8 22. g3 1-0